[Event "Vienna Chess Open 2015 Group A"]
[Site "Grosser Festsaal im Wiener Rathaus, 1010 Wien"]
[Date "2015.08.15"]
[Round "1"]
[Board "28"]
[White "Froewis, Georg"]
[Black "van den Bersselaar, Jeroen"]
[Result "1-0"]
[WhiteElo "2434"]
[BlackElo "2064"]
[PlyCount "49"]
[EventDate "2015.08.15"]
[EventRounds "9"]
[EventCountry "AUT"]

1.Nf3 d5 2.g3 Nf6 3.Bg2 e6 4.O-O Be7 5.d3 O-O 6.Nbd2 b6 7.e4 dxe4 8.dxe4 Bb7 9.Re1
Na6 10.e5 Nd7 11.a3 Nac5 12.b4 Na4 13.c4 b5 14.Qc2 a6 15.Ng5 Bxg5 16.Bxb7 Ra7 17.Be4
g6 18.f4 Bh6 19.Nb3 c5 20.cxb5 cxb4 21.bxa6 Rxa6 22.axb4 Qb6+ 23.Be3 Qxb4 24.Reb1
Rb8 25.Nd2 1-0

[Event "Vienna Chess Open 2015 Group A"]
[Site "Grosser Festsaal im Wiener Rathaus, 1010 Wien"]
[Date "2015.08.15"]
[Round "1"]
[Board "29"]
[White "Buchner, Martin"]
[Black "Kilgus, Georg"]
[Result "0-1"]
[WhiteElo "2063"]
[BlackElo "2421"]
[PlyCount "72"]
[EventDate "2015.08.15"]
[EventRounds "9"]
[EventCountry "AUT"]

1.e4 d6 2.d4 Nf6 3.Nc3 g6 4.f4 Bg7 5.Nf3 O-O 6.e5 Nfd7 7.h4 c5 8.h5 cxd4 9.hxg6 dxc3
10.gxf7+ Rxf7 11.Bc4 Nf8 12.Bxf7+ Kxf7 13.Ng5+ Kg8 14.Qh5 Bd7 15.Qf7+ Kh8 16.Rxh7+
Nxh7 17.Qh5 Qg8 18.Nf7+ Qxf7 19.Qxf7 Nc6 20.bxc3 dxe5 21.Rb1 b6 22.f5 Rf8 23.Qd5 Nf6
24.Qf3 e4 25.Qf4 Nh7 26.g4 Bxc3+ 27.Bd2 Bf6 28.Qh2 Ne5 29.Qh3 Rg8 30.Ke2 Rxg4 31.Bc3
Bxf5 32.Rf1 Rf4 33.Qxf5 Rxf5 34.Rxf5 Nc6 35.Bxf6+ Nxf6 36.Ke3 Kg7 0-1

[Event "Vienna Chess Open 2015 Group A"]
[Site "Grosser Festsaal im Wiener Rathaus, 1010 Wien"]
[Date "2015.08.15"]
[Round "1"]
[Board "30"]
[White "Tan, Justin"]
[Black "Hund, Gerhard"]
[Result "1-0"]
[WhiteElo "2421"]
[BlackElo "2063"]
[PlyCount "99"]
[EventDate "2015.08.15"]
[EventRounds "9"]
[EventCountry "AUT"]

1.e4 c5 2.Nf3 d6 3.d4 cxd4 4.Nxd4 e5 5.Bb5+ Bd7 6.Bxd7+ Qxd7 7.Nf5 g6 8.Ne3 Nf6 9.Qf3
Bg7 10.O-O Nc6 11.c3 O-O 12.Rd1 Rad8 13.Na3 Ne8 14.Nd5 Qe6 15.Qe2 f5 16.f3 Kh8 17.b4
fxe4 18.fxe4 Rd7 19.Be3 b6 20.Nc4 Ne7 21.Nxe7 Rxe7 22.Rd5 Rc7 23.Na3 Nf6 24.Nb5 Re7
25.Rxd6 Qg4 26.Qxg4 Nxg4 27.Bg5 Ref7 28.h3 Nf2 29.Re1 h6 30.Bd2 g5 31.Re2 g4 32.hxg4
Nxg4 33.Re1 Rc8 34.Rg6 Rd7 35.Nd6 Rcd8 36.Nf5 Rxd2 37.Rxg4 Bf8 38.Rg6 Rxa2 39.Re3
Rd1+ 40.Kh2 Raa1 41.Rc6 Rh1+ 42.Kg3 a5 43.Rc8 Kg8 44.Rf3 Kf7 45.Ne3+ Kg7 46.Rfxf8
a4 47.Nf5+ Kh7 48.Rc7+ Kg6 49.Rc6+ Kh7 50.Rf7+ 1-0

[Event "Vienna Chess Open 2015 Group A"]
[Site "Grosser Festsaal im Wiener Rathaus, 1010 Wien"]
[Date "2015.08.15"]
[Round "1"]
[Board "31"]
[White "Ehs, Dominik"]
[Black "Holm, Kristian Stuvik"]
[Result "0-1"]
[WhiteElo "2061"]
[BlackElo "2418"]
[PlyCount "138"]
[EventDate "2015.08.15"]
[EventRounds "9"]
[EventCountry "AUT"]

1.e4 c5 2.Nf3 Nc6 3.d4 cxd4 4.Nxd4 g6 5.Nc3 Bg7 6.Be3 Nf6 7.Nxc6 bxc6 8.e5 Ng8 9.f4
Nh6 10.Be2 O-O 11.O-O d6 12.exd6 exd6 13.Bd4 Nf5 14.Bxg7 Kxg7 15.Kh1 Re8 16.Qd2 Rb8
17.b3 Qh4 18.Rf3 Qf6 19.Bd3 d5 20.Re1 Bd7 21.Bxf5 Bxf5 22.Rff1 Qd6 23.Ne2 Qc5 24.Qd4+
Qxd4 25.Nxd4 Bd7 26.Nf3 f6 27.Kg1 Kf7 28.Kf2 c5 29.c3 a5 30.Rxe8 Bxe8 31.Re1 Bd7 32.h3
a4 33.Nd2 Be6 34.Ke3 Ra8 35.g4 h5 36.Kf3 axb3 37.axb3 Ra2 38.Re2 Rc2 39.c4 Rc3+ 40.Kf2
hxg4 41.hxg4 Bxg4 42.Re3 Rc2 43.Ke1 d4 44.Rg3 Rc1+ 45.Kf2 Bf5 46.Ke2 d3+ 47.Kf3 Rh1
48.Rg2 Bd7 49.Ke3 Rh3+ 50.Kf2 Bf5 51.Rg3 Rh2+ 52.Rg2 Rh8 53.Rg1 Rh4 54.Ke3 Rh2 55.Re1
Rg2 56.Nf3 Bg4 57.Nd2 Bf5 58.Nf3 Rg3 59.Kf2 Rh3 60.Nd2 Rh5 61.Rg1 g5 62.fxg5 fxg5
63.Nf3 Kf6 64.Ra1 g4 65.Ra6+ Be6 66.Nd2 Re5 67.Nb1 Re2+ 68.Kf1 Rc2 69.Na3 Rc1+ 0-1

[Event "Vienna Chess Open 2015 Group A"]
[Site "Grosser Festsaal im Wiener Rathaus, 1010 Wien"]
[Date "2015.08.15"]
[Round "1"]
[Board "32"]
[White "Christiansen, Johan-Sebastian"]
[Black "Morriss, Peter"]
[Result "1-0"]
[WhiteElo "2416"]
[BlackElo "2061"]
[PlyCount "79"]
[EventDate "2015.08.15"]
[EventRounds "9"]
[EventCountry "AUT"]

1.c4 Nf6 2.g3 c5 3.Bg2 g6 4.Nc3 Bg7 5.Nf3 Nc6 6.d4 cxd4 7.Nxd4 a6 8.O-O O-O 9.c5 e5
10.Nb3 b5 11.cxb6 Qxb6 12.Be3 Qc7 13.Rc1 Rb8 14.Bc5 Rd8 15.Bd6 Qa7 16.Bxb8 Nxb8 17.Nd5
Nxd5 18.Qxd5 d6 19.Qa5 Qe7 20.Rfd1 e4 21.Bxe4 Bxb2 22.Rc2 Bf6 23.Bg2 Bf5 24.Rcd2 Rc8
25.Qb6 Be5 26.Nd4 Bd7 27.Nf3 Ba4 28.Rf1 Bb5 29.Nxe5 dxe5 30.Rfd1 Nc6 31.Rd7 Qe6 32.R1d6
Qf5 33.Bxc6 Rxc6 34.Rxc6 Qb1+ 35.Kg2 Qe4+ 36.f3 Qxe2+ 37.Kh3 Qxf3 38.Qd8+ Kg7 39.Rxf7+
Kh6 40.Rxf3 1-0

[Event "Vienna Chess Open 2015 Group A"]
[Site "Grosser Festsaal im Wiener Rathaus, 1010 Wien"]
[Date "2015.08.15"]
[Round "1"]
[Board "33"]
[White "Spindelberger, Paul"]
[Black "Hauge, Lars Oskar"]
[Result "0-1"]
[WhiteElo "2060"]
[BlackElo "2411"]
[PlyCount "57"]
[EventDate "2015.08.15"]
[EventRounds "9"]
[EventCountry "AUT"]

1.e4 c5 2.f4 d5 3.exd5 Nf6 4.Bb5+ Nbd7 5.c4 a6 6.Bxd7+ Bxd7 7.Qf3 e6 8.Nc3 Bd6 9.Nge2
O-O 10.O-O Re8 11.d3 exd5 12.Nxd5 Nxd5 13.cxd5 Qf6 14.Rb1 Re7 15.Bd2 Rae8 16.Rf2 c4
17.d4 Bf5 18.Rc1 Be4 19.Qg4 Bxd5 20.Nc3 Bc6 21.f5 h6 22.a3 b5 23.Rff1 Bb8 24.Rcd1
Ba7 25.Bc1 Rd8 26.Kh1 Rxd4 27.Rxd4 Bxd4 28.Rd1 Bb6 29.h4 0-1

[Event "Vienna Chess Open 2015 Group A"]
[Site "Grosser Festsaal im Wiener Rathaus, 1010 Wien"]
[Date "2015.08.15"]
[Round "1"]
[Board "34"]
[White "Manik, Mikulas"]
[Black "Iro, Christian"]
[Result "1-0"]
[WhiteElo "2410"]
[BlackElo "2058"]
[PlyCount "61"]
[EventDate "2015.08.15"]
[EventRounds "9"]
[EventCountry "AUT"]

1.e4 c6 2.d4 d5 3.e5 Bf5 4.h4 h6 5.g4 Be4 6.f3 Bh7 7.e6 fxe6 8.Bd3 Bxd3 9.Qxd3 Qd6
10.Qg6+ Kd8 11.Ne2 e5 12.Qd3 Nd7 13.Nbc3 e6 14.Be3 Ngf6 15.O-O-O Qb4 16.Qg6 Nb6 17.b3
Nbd7 18.g5 hxg5 19.hxg5 Rxh1 20.Rxh1 Ne8 21.Qxe6 Qd6 22.Qg4 a5 23.Rh8 b5 24.dxe5 Qxe5
25.Bd4 Ba3+ 26.Kd2 Qe7 27.Nf4 Bd6 28.Ne6+ Kc8 29.Nxg7 Kb7 30.Nf5 Qe6 31.Rh6 1-0

[Event "Vienna Chess Open 2015 Group A"]
[Site "Grosser Festsaal im Wiener Rathaus, 1010 Wien"]
[Date "2015.08.15"]
[Round "1"]
[Board "35"]
[White "Uta, Adeline-Ramona"]
[Black "Soors, Stef"]
[Result "0-1"]
[WhiteElo "2057"]
[BlackElo "2407"]
[PlyCount "62"]
[EventDate "2015.08.15"]
[EventRounds "9"]
[EventCountry "AUT"]

1.c4 e5 2.g3 Nf6 3.Bg2 Nc6 4.Nc3 Bc5 5.e3 a6 6.Nge2 d6 7.O-O O-O 8.d4 Ba7 9.a3 Bf5
10.b4 Re8 11.Bb2 exd4 12.Nxd4 Nxd4 13.exd4 c6 14.b5 axb5 15.cxb5 d5 16.bxc6 bxc6 17.Rc1
Qa5 18.Qd2 Rab8 19.Rfd1 Qb6 20.Ba1 Qb3 21.Qf4 Bc2 22.Rd2 Bg6 23.a4 Qb4 24.Bf1 Bb6
25.Na2 Qxa4 26.f3 Rbc8 27.Qd6 Red8 28.Qe7 h6 29.Bh3 Rb8 30.Qb4 Qxb4 31.Nxb4 Ba5 0-1

[Event "Vienna Chess Open 2015 Group A"]
[Site "Grosser Festsaal im Wiener Rathaus, 1010 Wien"]
[Date "2015.08.15"]
[Round "1"]
[Board "36"]
[White "Carow, Johannes"]
[Black "Brandstetter, Dieter"]
[Result "1-0"]
[WhiteElo "2407"]
[BlackElo "2057"]
[PlyCount "53"]
[EventDate "2015.08.15"]
[EventRounds "9"]
[EventCountry "AUT"]

1.d4 d5 2.c4 c6 3.Nf3 Nf6 4.e3 Bf5 5.Nc3 e6 6.Nh4 Bg6 7.Be2 Nbd7 8.O-O Bd6 9.g3 dxc4
10.Nxg6 hxg6 11.Bxc4 Nb6 12.Bb3 e5 13.Qf3 Qe7 14.dxe5 Bxe5 15.Rd1 Rd8 16.Bd2 O-O 17.Be1
Rxd1 18.Rxd1 Rd8 19.Kg2 Rxd1 20.Qxd1 Nbd5 21.Qd3 Nxc3 22.bxc3 Bc7 23.Qxg6 Ba5 24.Kf1
Ne4 25.Qf5 Bxc3 26.Bc2 Nd2+ 27.Bxd2 1-0

[Event "Vienna Chess Open 2015 Group A"]
[Site "Grosser Festsaal im Wiener Rathaus, 1010 Wien"]
[Date "2015.08.16"]
[Round "2"]
[Board "1"]
[White "Buhmann, Rainer"]
[Black "Krause, Benedict"]
[Result "1/2-1/2"]
[WhiteElo "2613"]
[BlackElo "2235"]
[PlyCount "141"]
[EventDate "2015.08.15"]
[EventRounds "9"]
[EventCountry "AUT"]

1.Nf3 Nf6 2.c4 g6 3.Nc3 d5 4.cxd5 Nxd5 5.h4 h6 6.e4 Nxc3 7.dxc3 Qxd1+ 8.Kxd1 Nc6 9.Bf4
f6 10.Nd2 e5 11.Be3 h5 12.Kc2 Bh6 13.Bxh6 Rxh6 14.a4 Nd8 15.b4 a5 16.Bc4 Be6 17.Bb3
Rh7 18.Rhd1 Rd7 19.b5 Ke7 20.g3 b6 21.f4 Nb7 22.Bxe6 Kxe6 23.Nf3 Rxd1 24.Rxd1 Rd8
25.Rf1 Nd6 26.fxe5 fxe5 27.Ng5+ Ke7 28.Kb3 Rf8 29.Rxf8 Kxf8 30.Ne6+ Kf7 31.Ng5+ Ke7
32.Ka3 Nc4+ 33.Kb3 Nd2+ 34.Kc2 Nf1 35.Kd3 Nxg3 36.Nf3 Ke6 37.Ng5+ Kf6 38.Nf3 Ke6 39.Ke3
Kf6 40.c4 g5 41.Nxg5 Nf1+ 42.Kd3 Ke7 43.c5 bxc5 44.Kc4 Kd6 45.Nf7+ Ke6 46.Nd8+ Kd7
47.Nc6 Nd2+ 48.Kd5 Kc8 49.Nxe5 c4 50.Nxc4 Nf3 51.Nxa5 Nxh4 52.Nc6 Ng6 53.e5 Nf4+ 54.Ke4
Ne2 55.Kd3 Nf4+ 56.Ke3 Nd5+ 57.Kd4 Nf4 58.Ke4 Ne2 59.Ne7+ Kd7 60.Nd5 h4 61.Kf3 Nd4+
62.Kg4 h3 63.Kxh3 Ke6 64.Nxc7+ Kxe5 65.Kg4 Kd6 66.Na6 Ne2 67.b6 Kc6 68.a5 Nd4 69.Nb4+
Kb7 70.Nd3 Nb3 71.Kf5 1/2-1/2

[Event "Vienna Chess Open 2015 Group A"]
[Site "Grosser Festsaal im Wiener Rathaus, 1010 Wien"]
[Date "2015.08.16"]
[Round "2"]
[Board "2"]
[White "Warmerdam, Max"]
[Black "Bánusz, Tamás"]
[Result "1/2-1/2"]
[WhiteElo "2236"]
[BlackElo "2586"]
[PlyCount "56"]
[EventDate "2015.08.15"]
[EventRounds "9"]
[EventCountry "AUT"]

1.e4 c5 2.Nf3 e6 3.d4 cxd4 4.Nxd4 Nf6 5.Nc3 Nc6 6.Nxc6 bxc6 7.e5 Nd5 8.Ne4 Qc7 9.f4
Qb6 10.c4 Bb4+ 11.Ke2 f5 12.Nf2 Ba6 13.Kf3 Ne7 14.Be3 Bc5 15.Bxc5 Qxc5 16.Qd6 Qa5
17.a3 g5 18.Rd1 gxf4 19.Qxd7+ Kf7 20.Nh3 Qxe5 21.Ng5+ Kf6 22.Re1 Qxe1 23.Be2 Qxh1
24.Qxe6+ Kxg5 25.Qxe7+ Kg6 26.Qe6+ Kg7 27.Qe7+ Kg6 28.Qe6+ Kg7 1/2-1/2

[Event "Vienna Chess Open 2015 Group A"]
[Site "Grosser Festsaal im Wiener Rathaus, 1010 Wien"]
[Date "2015.08.16"]
[Round "2"]
[Board "3"]
[White "Shengelia, David"]
[Black "Boraso, Alessio"]
[Result "1-0"]
[WhiteElo "2572"]
[BlackElo "2232"]
[PlyCount "57"]
[EventDate "2015.08.15"]
[EventRounds "9"]
[EventCountry "AUT"]

1.Nf3 Nf6 2.g3 g6 3.b3 Bg7 4.Bb2 O-O 5.Bg2 d6 6.d4 c6 7.O-O Qa5 8.h3 Qh5 9.g4 Qa5
10.Nbd2 Nbd7 11.e4 h5 12.g5 Nh7 13.Nc4 Qc7 14.a4 a5 15.Qd2 Rd8 16.Nh4 d5 17.exd5 cxd5
18.Bxd5 Nb6 19.Nxb6 Qxb6 20.Bg2 Be6 21.Rad1 Bd5 22.f4 Bxg2 23.Kxg2 Rac8 24.Rf3 e5
25.fxe5 Bxe5 26.c4 Rc5 27.Rd3 Nxg5 28.dxc5 Qc6+ 29.Rd5 1-0

[Event "Vienna Chess Open 2015 Group A"]
[Site "Grosser Festsaal im Wiener Rathaus, 1010 Wien"]
[Date "2015.08.16"]
[Round "2"]
[Board "4"]
[White "Ruck, Robert"]
[Black "Kirschner, Alexander"]
[Result "1-0"]
[WhiteElo "2552"]
[BlackElo "2228"]
[PlyCount "165"]
[EventDate "2015.08.15"]
[EventRounds "9"]
[EventCountry "AUT"]

1.Nf3 Nf6 2.c4 c5 3.Nc3 Nc6 4.g3 g6 5.Bg2 Bg7 6.d4 cxd4 7.Nxd4 O-O 8.O-O Nxd4 9.Qxd4
d6 10.Qd3 a6 11.Be3 Bf5 12.Qd2 Qd7 13.Bd4 e5 14.Be3 Bh3 15.Bxh3 Qxh3 16.f3 Rac8 17.b3
Rc6 18.Bg5 Rfc8 19.Rac1 h6 20.Bxf6 Bxf6 21.Nd5 Bg5 22.e3 Qe6 23.Nb4 Rc5 24.Rcd1 a5
25.Nd5 b5 26.cxb5 Rxb5 27.Kg2 Rbc5 28.Rf2 Kg7 29.Qd3 Bd8 30.e4 R8c6 31.h3 Bg5 32.f4
exf4 33.gxf4 Bh4 34.Re2 Bf6 35.Qf3 Rc2 36.Rdd2 Qc8 37.Nb6 Qc7 38.Nd5 Qc8 39.Nb6 Qc7
40.Nc4 Rc3 41.Rd3 Rxd3 42.Qxd3 a4 43.Rd2 axb3 44.axb3 Be7 45.Qd4+ Bf6 46.Qd5 Be7 47.Rf2
Rc5 48.Qd4+ Bf6 49.Qd3 Rc6 50.Ra2 Be7 51.Qd4+ Bf6 52.e5 dxe5 53.fxe5 Be7 54.Ra7 Qd8
55.Rd7 Qa8 56.Qe4 Qa2+ 57.Kf1 Re6 58.Qf3 Qb1+ 59.Kg2 Qc2+ 60.Rd2 Qc1 61.Rf2 Qg5+ 62.Kh2
f5 63.Rg2 Qh4 64.Qxf5 Ra6 65.Qd3 Qf4+ 66.Qg3 Qxg3+ 67.Kxg3 Kf7 68.Kf3 g5 69.Kg4 Ke6
70.Kh5 Ra7 71.Rf2 Rb7 72.Rf3 Rb8 73.Kxh6 Rh8+ 74.Kg7 Rh4 75.Rg3 Re4 76.Kg6 Rh4 77.Ne3
Kxe5 78.Nf5 Kf4 79.Nxh4 Kxg3 80.Nf5+ Kxh3 81.Nxe7 g4 82.Nf5 g3 83.Ne3 1-0

[Event "Vienna Chess Open 2015 Group A"]
[Site "Grosser Festsaal im Wiener Rathaus, 1010 Wien"]
[Date "2015.08.16"]
[Round "2"]
[Board "5"]
[White "Abbas, Daniel"]
[Black "Heberla, Bartlomiej"]
[Result "0-1"]
[WhiteElo "2233"]
[BlackElo "2548"]
[PlyCount "62"]
[EventDate "2015.08.15"]
[EventRounds "9"]
[EventCountry "AUT"]

1.e4 c5 2.Nf3 Nc6 3.Bb5 a6 4.Bxc6 dxc6 5.d3 Qc7 6.Be3 e5 7.h3 Bd6 8.Nbd2 Ne7 9.O-O
Ng6 10.Nc4 Be7 11.b4 b5 12.Nb2 cxb4 13.d4 O-O 14.Nxe5 Nxe5 15.Bf4 Bd6 16.Bxe5 Bxe5
17.dxe5 Qxe5 18.Nd3 Qxe4 19.Re1 Qc4 20.Ne5 Qc5 21.Qf3 Be6 22.Nxc6 Rac8 23.Ne5 a5 24.Rad1
Qxc2 25.Qb7 Bxa2 26.Qxb5 Rc5 27.Qd7 Be6 28.Qe7 Rxe5 29.Rd8 Rxe1+ 30.Kh2 h6 31.Qxf8+
Kh7 0-1

[Event "Vienna Chess Open 2015 Group A"]
[Site "Grosser Festsaal im Wiener Rathaus, 1010 Wien"]
[Date "2015.08.16"]
[Round "2"]
[Board "6"]
[White "Brunello, Sabino"]
[Black "Kravanja, Georg"]
[Result "1-0"]
[WhiteElo "2545"]
[BlackElo "2226"]
[PlyCount "48"]
[EventDate "2015.08.15"]
[EventRounds "9"]
[EventCountry "AUT"]

1.e4 c6 2.Nf3 d5 3.Nc3 Bg4 4.h3 Bxf3 5.Qxf3 e6 6.d3 Nd7 7.a3 Ngf6 8.g4 g6 9.Qg3 d4
10.Ne2 e5 11.f4 Bd6 12.Bg2 Qb6 13.O-O O-O-O 14.fxe5 Bxe5 15.Bf4 Bxf4 16.Qxf4 Qxb2
17.Kh1 Rhe8 18.Rab1 Qxa3 19.Nxd4 Qc5 20.Nb3 Qc3 21.Ra1 a6 22.Na5 Re6 23.Nc4 Qd4 24.Qg3
h5 1-0

[Event "Vienna Chess Open 2015 Group A"]
[Site "Grosser Festsaal im Wiener Rathaus, 1010 Wien"]
[Date "2015.08.16"]
[Round "2"]
[Board "7"]
[White "Lechner, Daniel"]
[Black "Dizdarevic, Emir"]
[Result "0-1"]
[WhiteElo "2232"]
[BlackElo "2540"]
[PlyCount "82"]
[EventDate "2015.08.15"]
[EventRounds "9"]
[EventCountry "AUT"]

1.d4 e6 2.c4 Nf6 3.g3 d5 4.Nf3 Bb4+ 5.Bd2 Be7 6.Bg2 O-O 7.O-O c6 8.Qc2 b6 9.Bf4 Bb7
10.Nbd2 Nh5 11.Be3 Nd7 12.Rfd1 Rc8 13.b3 f5 14.Nf1 Qe8 15.Qb2 Bd6 16.Ne5 Nhf6 17.Rac1
Qe7 18.Nxd7 Nxd7 19.Qd2 h6 20.Rc2 Nf6 21.Bf4 Bb4 22.Qc1 Ba3 23.Qa1 Ne4 24.Nd2 Rfd8
25.Nxe4 dxe4 26.f3 c5 27.dxc5 Bxc5+ 28.Kf1 e5 29.Bd2 exf3 30.Bxf3 Bxf3 31.exf3 Rd3
32.Bc3 Rxf3+ 33.Kg2 e4 34.Re2 f4 35.Be5 Rxg3+ 36.hxg3 f3+ 37.Kf1 fxe2+ 38.Kxe2 Qf7
39.Rf1 Qh5+ 40.Ke1 Rd8 41.Bc3 Qg5 0-1

[Event "Vienna Chess Open 2015 Group A"]
[Site "Grosser Festsaal im Wiener Rathaus, 1010 Wien"]
[Date "2015.08.16"]
[Round "2"]
[Board "8"]
[White "Antal, Gergely"]
[Black "Cafaro, Luca"]
[Result "1-0"]
[WhiteElo "2524"]
[BlackElo "2217"]
[PlyCount "59"]
[EventDate "2015.08.15"]
[EventRounds "9"]
[EventCountry "AUT"]

1.e4 e5 2.Nf3 Nc6 3.d4 exd4 4.Nxd4 Bb4+ 5.c3 Bc5 6.Be3 Bb6 7.Nf5 Bxe3 8.Nxe3 Nf6 9.f3
d6 10.Be2 Nh5 11.g3 Bh3 12.c4 Qf6 13.Nd5 Qxb2 14.Nbc3 O-O 15.a3 Na5 16.Ra2 Qb3 17.Qa1
Bg2 18.Rb2 Bxh1 19.Rxb3 Nxb3 20.Qd1 Nc5 21.g4 Nf6 22.Nxf6+ gxf6 23.Nd5 Nd7 24.Kf2
c6 25.Ne7+ Kh8 26.Qxh1 Rae8 27.Nf5 Re6 28.Qc1 Ne5 29.Nd4 Re7 30.Qh6 1-0

[Event "Vienna Chess Open 2015 Group A"]
[Site "Grosser Festsaal im Wiener Rathaus, 1010 Wien"]
[Date "2015.08.16"]
[Round "2"]
[Board "9"]
[White "Namyslo, Holger"]
[Black "Rambaldi, Francesco"]
[Result "0-1"]
[WhiteElo "2227"]
[BlackElo "2517"]
[PlyCount "50"]
[EventDate "2015.08.15"]
[EventRounds "9"]
[EventCountry "AUT"]

1.e4 g6 2.d4 Bg7 3.Nc3 d6 4.f4 Nf6 5.Nf3 O-O 6.Bd3 Nc6 7.O-O e5 8.dxe5 dxe5 9.f5 Nb4
10.fxg6 hxg6 11.Bg5 Nxd3 12.Qxd3 Qxd3 13.cxd3 c6 14.Rad1 Nd7 15.Be7 Re8 16.Ba3 b6
17.d4 Ba6 18.Rfe1 exd4 19.Nxd4 Ne5 20.Bd6 Nd3 21.Nxc6 Nxe1 22.Rxe1 Bxc3 23.bxc3 Bb7
24.Ne7+ Kg7 25.e5 Rad8 0-1

[Event "Vienna Chess Open 2015 Group A"]
[Site "Grosser Festsaal im Wiener Rathaus, 1010 Wien"]
[Date "2015.08.16"]
[Round "2"]
[Board "10"]
[White "Rombaldoni, Axel"]
[Black "Kudzma, Laimonas"]
[Result "1/2-1/2"]
[WhiteElo "2515"]
[BlackElo "2216"]
[PlyCount "92"]
[EventDate "2015.08.15"]
[EventRounds "9"]
[EventCountry "AUT"]

1.d4 d5 2.c4 dxc4 3.Nf3 c5 4.e3 Nf6 5.Bxc4 e6 6.O-O a6 7.Bd3 Nc6 8.Nc3 Be7 9.dxc5
Bxc5 10.a3 Bd6 11.Qc2 Bd7 12.Rd1 Qc7 13.Bd2 Rc8 14.Ne4 Nxe4 15.Bxe4 f5 16.Bd3 Ne5
17.Qxc7 Rxc7 18.Bc3 Nxf3+ 19.gxf3 Ke7 20.f4 Rg8 21.h4 g6 22.Be2 Bc6 23.f3 Rd7 24.Kf2
h6 25.Rg1 Kf7 26.Bc4 h5 27.Rac1 Be7 28.Kg3 Rc8 29.Rgd1 Rxd1 30.Rxd1 Ba4 31.Rd4 Bc5
32.Rd3 Bxa3 33.bxa3 Rxc4 34.Bb4 Rc8 35.Rd6 Bc6 36.Ba5 Ke7 37.Bb4 Kf7 38.Kf2 Bb5 39.Kg3
Rc2 40.Rd8 Bc6 41.Rf8+ Kg7 42.Rc8 Rc4 43.Bd6 Bd5 44.Rd8 b5 45.Rd7+ Kg8 46.Be5 Kf8 1/2-1/2

[Event "Vienna Chess Open 2015 Group A"]
[Site "Grosser Festsaal im Wiener Rathaus, 1010 Wien"]
[Date "2015.08.16"]
[Round "2"]
[Board "11"]
[White "Juraczka, Franz"]
[Black "Kurajica, Bojan"]
[Result "0-1"]
[WhiteElo "2217"]
[BlackElo "2513"]
[PlyCount "50"]
[EventDate "2015.08.15"]
[EventRounds "9"]
[EventCountry "AUT"]

1.Nf3 Nf6 2.c4 e6 3.d4 b6 4.g3 Ba6 5.Qc2 c5 6.Bg2 Bb7 7.Nc3 cxd4 8.Nb5 e5 9.O-O a6
10.Na3 Qc7 11.Qf5 Bxa3 12.bxa3 d6 13.e3 dxe3 14.fxe3 O-O 15.Bb2 Nbd7 16.g4 Nc5 17.Nxe5
Bxg2 18.Kxg2 dxe5 19.Bxe5 Qc6+ 20.Rf3 Nfe4 21.Rd1 g6 22.Qf4 f6 23.Rd6 Nxd6 24.Bxf6
Nde4 25.g5 Ne6 0-1

[Event "Vienna Chess Open 2015 Group A"]
[Site "Grosser Festsaal im Wiener Rathaus, 1010 Wien"]
[Date "2015.08.16"]
[Round "2"]
[Board "12"]
[White "Tari, Aryan"]
[Black "Salvenmoser, Stefan"]
[Result "1-0"]
[WhiteElo "2510"]
[BlackElo "2215"]
[PlyCount "49"]
[EventDate "2015.08.15"]
[EventRounds "9"]
[EventCountry "AUT"]

1.c4 Nf6 2.Nc3 e5 3.Nf3 Nc6 4.g3 d5 5.cxd5 Nxd5 6.Bg2 Nb6 7.Rb1 a5 8.O-O Be7 9.d3
O-O 10.Be3 Be6 11.d4 exd4 12.Nxd4 Nxd4 13.Bxd4 c6 14.f4 Bc4 15.b3 Ba6 16.Bf2 Re8 17.Qc2
Qc7 18.Rfd1 Rad8 19.e4 Rxd1+ 20.Rxd1 Rd8 21.e5 c5 22.Rxd8+ Qxd8 23.Ne4 c4 24.Nc5 c3
25.Nxa6 1-0

[Event "Vienna Chess Open 2015 Group A"]
[Site "Grosser Festsaal im Wiener Rathaus, 1010 Wien"]
[Date "2015.08.16"]
[Round "2"]
[Board "13"]
[White "Satta, Vladimiro"]
[Black "Kindermann, Stefan"]
[Result "0-1"]
[WhiteElo "2210"]
[BlackElo "2507"]
[PlyCount "86"]
[EventDate "2015.08.15"]
[EventRounds "9"]
[EventCountry "AUT"]

1.c4 f5 2.g3 Nf6 3.Bg2 d6 4.Nc3 e5 5.d4 Be7 6.Nf3 e4 7.Ng5 c6 8.f3 d5 9.cxd5 Nxd5
10.Nxd5 cxd5 11.Nh3 Nc6 12.O-O O-O 13.e3 Be6 14.a3 a5 15.Nf4 Bf7 16.Ne2 Qd7 17.Nc3
Rad8 18.Bd2 Bg5 19.Qa4 b5 20.Qxb5 Nxd4 21.Qxd7 Rxd7 22.f4 Nb3 23.fxg5 Nxd2 24.Rxf5
Nc4 25.Nd1 Rb8 26.Rc1 Bh5 27.Rf2 Bxd1 28.Rxd1 Nxe3 29.Rd4 Rc8 30.h3 Rc1+ 31.Kh2 Rc4
32.Rxc4 Nxc4 33.b3 Ne3 34.Re2 Nxg2 35.Kxg2 Kf7 36.Kf2 Ke6 37.Rc2 Ke5 38.Rc5 Kd4 39.Rxa5
Kd3 40.Ke1 d4 41.Rc5 Rf7 42.b4 e3 43.Re5 Rf2 0-1

[Event "Vienna Chess Open 2015 Group A"]
[Site "Grosser Festsaal im Wiener Rathaus, 1010 Wien"]
[Date "2015.08.16"]
[Round "2"]
[Board "14"]
[White "Arkell, Keith"]
[Black "Paltrinieri, Nicholas"]
[Result "1-0"]
[WhiteElo "2488"]
[BlackElo "2213"]
[PlyCount "117"]
[EventDate "2015.08.15"]
[EventRounds "9"]
[EventCountry "AUT"]

1.d4 e6 2.Nf3 f5 3.b3 Nf6 4.Bb2 b6 5.g3 Bb7 6.Bg2 Bb4+ 7.c3 Be7 8.O-O O-O 9.c4 Qe8
10.Nc3 d6 11.Qc2 Qh5 12.d5 e5 13.Nd2 Bc8 14.f3 a5 15.Nb5 Na6 16.a3 Bd7 17.Nc3 Rae8
18.Rfe1 Qh6 19.Nf1 g5 20.e3 Rf7 21.Nd1 Qg6 22.Nf2 Bf8 23.h3 h5 24.g4 Kh7 25.Ng3 fxg4
26.Qxg6+ Kxg6 27.fxg4 hxg4 28.hxg4 Nxg4 29.Be4+ Kg7 30.Nxg4 Bxg4 31.Rf1 Rxf1+ 32.Rxf1
Be7 33.Nf5+ Bxf5 34.Bxf5 Rh8 35.Bc3 Rh4 36.Be1 Rh8 37.b4 axb4 38.axb4 Rf8 39.Bd2 Bd8
40.e4 Nb8 41.Ra1 Kf6 42.Ra7 c6 43.Rb7 cxd5 44.Rxb8 dxc4 45.Bg4 Rh8 46.Kg2 b5 47.Be1
Rf8 48.Rxb5 Be7 49.Rb6 Ra8 50.Rc6 Ra2+ 51.Kf1 Rc2 52.Be2 Rc1 53.Rxc4 Rb1 54.Bg4 Bd8
55.Ke2 Bb6 56.Rc6 Rb2+ 57.Bd2 Bd4 58.Rxd6+ Ke7 59.Rc6 1-0

[Event "Vienna Chess Open 2015 Group A"]
[Site "Grosser Festsaal im Wiener Rathaus, 1010 Wien"]
[Date "2015.08.16"]
[Round "2"]
[Board "15"]
[White "Stone, Andrew"]
[Black "Kuzmicz, Krystian"]
[Result "1/2-1/2"]
[WhiteElo "2209"]
[BlackElo "2486"]
[PlyCount "74"]
[EventDate "2015.08.15"]
[EventRounds "9"]
[EventCountry "AUT"]

1.c4 g6 2.g3 Bg7 3.Bg2 c5 4.Nc3 Nc6 5.Nf3 d6 6.O-O Bf5 7.d3 Qd7 8.Nd5 Nf6 9.Re1 Rc8
10.Bd2 Nxd5 11.cxd5 Nd4 12.Nxd4 Bxd4 13.Bc3 h5 14.h4 Bxc3 15.bxc3 Bh3 16.e4 f6 17.Re3
Kf7 18.Qf1 Bxg2 19.Qxg2 Rce8 20.f4 e5 21.Rf1 Kg7 22.Ref3 Ref8 23.Qf2 exf4 24.gxf4
f5 25.Rg3 Kh6 26.Qg2 Rhg8 27.e5 Qe7 28.Re1 Qxh4 29.exd6 Rf7 30.Re6 Rfg7 31.d7 Kh7
32.Re8 Rxd7 33.Rxg8 Kxg8 34.Rxg6+ Kh7 35.Rg8 Qe1+ 36.Kh2 Qh4+ 37.Kg1 Qe1+ 1/2-1/2

[Event "Vienna Chess Open 2015 Group A"]
[Site "Grosser Festsaal im Wiener Rathaus, 1010 Wien"]
[Date "2015.08.16"]
[Round "2"]
[Board "16"]
[White "Diermair, Andreas"]
[Black "Gevorgyan, Irina"]
[Result "0-1"]
[WhiteElo "2485"]
[BlackElo "2206"]
[PlyCount "116"]
[EventDate "2015.08.15"]
[EventRounds "9"]
[EventCountry "AUT"]

1.Nf3 d5 2.g3 c6 3.Bg2 Bf5 4.O-O Nf6 5.d3 Nbd7 6.c4 e6 7.Nc3 Bc5 8.cxd5 cxd5 9.Qb3
Qb6 10.Qc2 Rc8 11.e4 dxe4 12.dxe4 Bg6 13.Nh4 O-O 14.Nxg6 hxg6 15.Na4 Qb5 16.Nxc5 Nxc5
17.a4 Qb4 18.Bd2 Qb3 19.Qb1 Nxa4 20.Ra3 Qb5 21.b4 a6 22.Qa1 Nb6 23.Bc3 Nc4 24.Ra2
e5 25.Re1 Rfe8 26.f4 Qb6+ 27.Kh1 Ng4 28.h3 Nf2+ 29.Kh2 Nd3 30.Rd1 Nxb4 31.Rb1 a5 32.fxe5
Qe6 33.Bxb4 axb4 34.Rxb4 b6 35.Ra6 Qxe5 36.Qxe5 Rxe5 37.Ra2 g5 38.Bf1 b5 39.Kg2 Ne3+
40.Kf2 Nxf1 41.Kxf1 Rc4 42.Rab2 Rxb4 43.Rxb4 Kf8 44.Ke2 Ke7 45.Kd3 Kd6 46.Rd4+ Kc6
47.Rd8 f6 48.Rc8+ Kd7 49.Rg8 Re7 50.h4 gxh4 51.gxh4 Kd6 52.Kd4 Rb7 53.h5 Rc7 54.h6
gxh6 55.Rg6 Rc4+ 56.Kd3 Ke5 57.Rxh6 Rd4+ 58.Kc3 b4+ 0-1